Statistics for Mammal Knowledge #2

Click here to take the quiz!

General Stats

  • This quiz has been taken 16,823 times
  • The average score is 13 of 20

Answer Stats

QuestionAnswer% Correct
What mammal will hide acorns in order to eat them later?Squirrel
98%
What animal is like an alpaca but larger?Llama
96%
What is the slowest-moving mammal?Three-toed Sloth
86%
What black-and-white striped mammal is known for its strong smell?Skunk
85%
What African animal makes sounds that can sound like human laughter?Hyena
84%
What are moles' claws evolved to do?Dig
82%
What mammal is first in the dictionary?Aardvark
78%
What is the word for a male deer?Stag, Buck, or Hart
76%
What hole does a whale breathe through?{Blow}hole
75%
Which European country has the most sheep?United Kingdom
69%
What marsupial of the Americas is known for "playing dead"?Opossum
67%
What is the largest type of deer?Moose
66%
New Zealand didn't have any land mammals until Polynesian
settlers brought two. What were they?
Dog
65%
What are dik-diks, elands, and springboks?Antelopes
59%
Other than Australia, what countries have wild kangaroos?Papua New Guinea
or Indonesia
56%
New Zealand didn't have any land mammals until Polynesian settlers brought two. What were they?Rat
56%
What type of "ox" lives north of the Arctic Circle?{Musk}ox
46%
What animal, starting with W, is the largest relative of weasels, badgers, and mink?Wolverine
32%
What horned African animal is known as the "widowmaker" due to its aggressive nature?African Buffalo
27%
What type of animals are Pinnipeds?Seals, Walruses,
and Sea Lions
22%

Score Distribution

Percentile by Number Answered

Percent of People with Each Score

Your Score History

You have not taken this quiz